[Event "SK Deutschnofen-SC SSV Taufers"]
[Site "?"]
[Date "2013.02.02"]
[Round "8.4"]
[White "Welsch, Ulrich"]
[Black "Ratschiller, Manuel"]
[Result "1/2-1/2"]
[WhiteElo "1459"]
[BlackElo "1495"]
[PlyCount "109"]
[EventDate "2013.??.??"]

1. d4 d5 2. Nf3 Nf6 3. c4 g6 4. Nc3 Bg7 5. Bg5 c6 6. e3 O-O 7. Bd3 Bg4 8. O-O
dxc4 9. Bxc4 h6 10. Bxf6 Bxf6 11. h3 Bxf3 12. Qxf3 e6 13. Qf4 Bg5 14. Qg3 Bh4
15. Qf4 Bg5 16. Qg4 Nd7 17. Rad1 Nf6 18. Qf3 Nd5 19. Ne4 Kg7 20. Qg3 Bh4 21.
Qe5+ Bf6 22. Qg3 Bh4 23. Qf3 Be7 24. Nc3 Qc7 25. Rc1 Qd7 26. Rfd1 Bd6 27. e4
Nxc3 28. Qxc3 Kh7 29. d5 cxd5 30. exd5 e5 31. Qd3 a6 32. h4 Qg4 33. g3 Rac8 34.
Qe2 Qxe2 35. Bxe2 Rxc1 36. Rxc1 Kg7 37. Kg2 f5 38. h5 g5 39. g4 f4 40. Bf3 Kf6
41. Be4 Rf7 42. Bf5 a5 43. Rc8 Kg7 44. Rd8 Bc7 45. Re8 Rf8 46. Rxf8 Kxf8 47.
Kf3 Ke7 48. Bc8 b6 49. Ke4 Kf6 50. f3 Bd6 51. Bf5 Ke7 52. Bg6 Kf6 53. Kd3 Ke7
54. Kc3 Bc5 55. Kc4 1/2-1/2

[Event "SK Deutschnofen-SC SSV Taufers"]
[Site "?"]
[Date "2013.02.02"]
[Round "8.5"]
[White "Innerbichler, Robert"]
[Black "Pichler, Hubertus"]
[Result "1/2-1/2"]
[WhiteElo "1398"]
[BlackElo "1418"]
[PlyCount "78"]
[EventDate "2013.??.??"]

1. e4 e5 2. Bc4 Nc6 3. Nc3 d6 4. h3 Nf6 5. a3 Be7 6. Nf3 O-O 7. O-O Be6 8. Nd5
Nxe4 9. d3 Nf6 10. Nxe7+ Nxe7 11. Bxe6 fxe6 12. c3 Ned5 13. Qc2 Qd7 14. Bd2 c5
15. Ng5 h6 16. Nf3 b5 17. Rad1 Rac8 18. Rfe1 Nh5 19. Nh4 Qf7 20. Be3 Qf6 21.
Nf3 Nhf4 22. Kh2 g5 23. Ng1 Rc7 24. Rf1 Rg7 25. c4 Nc7 26. g3 Ng6 27. Qd2 a6
28. b3 Rd7 29. Qe2 Ne7 30. b4 cxb4 31. axb4 d5 32. Bc5 Rfd8 33. Nf3 dxc4 34.
Nxe5 Rd5 35. Bxe7 Qxe7 36. Nc6 Qd6 37. Nxd8 cxd3 38. Qe4 Qxd8 39. Qg6+ Kf8
1/2-1/2

[Event "ASD Arci Scacchi II-Wipptal Schach"]
[Site "?"]
[Date "2013.02.16"]
[Round "9.1"]
[White "De Bettin, Sergio"]
[Black "Cozzi, Roberto"]
[Result "0-1"]
[WhiteElo "1713"]
[BlackElo "1513"]
[PlyCount "116"]
[EventDate "2013.??.??"]

1. e4 c6 2. d4 d5 3. exd5 cxd5 4. Bd3 Nc6 5. c3 Nf6 6. h3 Qc7 7. Nf3 e5 8. dxe5
Nxe5 9. Nxe5 Qxe5+ 10. Be3 Bc5 11. Qa4+ Bd7 12. Qf4 Qxf4 13. Bxf4 O-O 14. O-O
Ne4 15. Nd2 f5 16. Nf3 Rfe8 17. Rad1 Ba4 18. Rde1 h6 19. Be3 Bd6 20. Bd4 b6 21.
Ba6 Bc6 22. Bd3 g6 23. b4 b5 24. Re2 a6 25. Rfe1 Kf7 26. Nh4 Rac8 27. g4 Bd7
28. gxf5 gxf5 29. Bxe4 fxe4 30. f4 Rg8+ 31. Rg2 Bxh3 32. Rxg8 Rxg8+ 33. Kh2
Bxf4+ 34. Kh1 Bg5 35. Re3 Bxh4 36. Rxh3 Rg4 37. Rh2 Ke6 38. a4 Bg5 39. axb5
axb5 40. Ra2 e3 41. Re2 Re4 42. Kg2 Kf5 43. Kf3 h5 44. Bxe3 Rxe3+ 45. Rxe3 Bxe3
46. Kxe3 Kg4 47. Kd4 h4 48. Kxd5 h3 49. Kc5 h2 50. Kxb5 h1=Q 51. c4 Qb7+ 52.
Kc5 Kf5 53. b5 Ke5 54. b6 Qa6 55. Kc6 Qxc4+ 56. Kb7 Kd6 57. Kb8 Kc6 58. Ka7
Qa4+ 0-1

[Event "ASD Arci Scacchi II-Wipptal Schach"]
[Site "?"]
[Date "2013.02.16"]
[Round "9.2"]
[White "Gasparro, Antonio"]
[Black "Sparber, Werner"]
[Result "1/2-1/2"]
[WhiteElo "1388"]
[BlackElo "1642"]
[PlyCount "80"]
[EventDate "2013.??.??"]

1. d4 d5 2. Nf3 Nf6 3. e3 Bg4 4. Nbd2 e6 5. c4 c5 6. cxd5 Nxd5 7. Qb3 Qc7 8.
Ne5 Bf5 9. Bb5+ Nc6 10. Nxc6 bxc6 11. Bc4 Bd6 12. dxc5 Bxc5 13. Ne4 Be7 14. O-O
O-O 15. Ng3 Bg6 16. Bd3 Rab8 17. Qd1 Rfd8 18. Bxg6 hxg6 19. Qc2 Nb4 20. Qa4 Nd3
21. b3 a5 22. Qc4 Nxc1 23. Raxc1 c5 24. Rfd1 Rxd1+ 25. Rxd1 Rd8 26. Rxd8+ Qxd8
27. Qc2 Qb6 28. Ne4 Qb4 29. Kf1 f5 30. Nd2 Kf7 31. Nc4 Bf6 32. a3 Qb5 33. Qd3
Kg8 34. Ke2 a4 35. bxa4 Qxa4 36. f3 g5 37. e4 Bd4 38. exf5 exf5 39. Kd2 f4 40.
Qc2 Qe8 1/2-1/2

[Event "ASD Arci Scacchi II-Wipptal Schach"]
[Site "?"]
[Date "2013.02.16"]
[Round "9.3"]
[White "Giorgione, Roberto"]
[Black "Danti, Alessandro"]
[Result "1/2-1/2"]
[WhiteElo "1444"]
[BlackElo "1369"]
[PlyCount "98"]
[EventDate "2013.??.??"]

1. e4 e6 2. d3 d5 3. e5 c5 4. c3 Nc6 5. Nf3 Qb6 6. d4 cxd4 7. cxd4 Nge7 8. Bd3
Bd7 9. Bc2 Nb4 10. Nc3 Nxc2+ 11. Qxc2 Nf5 12. Qd1 Be7 13. O-O O-O 14. Rb1 Rac8
15. Be3 a6 16. Qd2 Rc4 17. Rfc1 Nxe3 18. fxe3 f5 19. a3 Rcc8 20. Ne2 g5 21.
Rxc8 Rxc8 22. Rc1 Rxc1+ 23. Qxc1 h6 24. Qc2 g4 25. Ne1 Bg5 26. Qd2 Qb3 27. Nf4
Kf7 28. Ned3 Bb5 29. Nc5 Qc4 30. Qd1 Bxf4 31. exf4 Bc6 32. b3 Qc3 33. g3 Qe3+
34. Kg2 Bb5 35. Nxb7 Be2 36. Qe1 Bf3+ 37. Kf1 Qd3+ 38. Kf2 Qxd4+ 39. Qe3 Qb2+
40. Ke1 Qb1+ 41. Kd2 Qd1+ 42. Kc3 d4+ 43. Qxd4 Qxd4+ 44. Kxd4 Bxb7 45. Kc5 Ke7
46. Kb6 Bc8 47. a4 Kd7 48. b4 Kd8 49. b5 axb5 1/2-1/2

[Event "ASD Arci Scacchi II-Wipptal Schach"]
[Site "?"]
[Date "2013.02.16"]
[Round "9.4"]
[White "Olivetti, Davide"]
[Black "Saxl, Pietro"]
[Result "1-0"]
[WhiteElo "1428"]
[BlackElo "1335"]
[PlyCount "41"]
[EventDate "2013.??.??"]

1. e4 e5 2. d4 Nc6 3. Nf3 h6 4. d5 Nb8 5. Nxe5 Qf6 6. f4 d6 7. Nf3 Bg4 8. Bb5+
Nd7 9. O-O a6 10. Bxd7+ Kxd7 11. Ne5+ dxe5 12. Qxg4+ Kd8 13. Nc3 Bd6 14. Kh1
Qg6 15. Qxg6 fxg6 16. fxe5 Bxe5 17. Rf8+ Ke7 18. Rxa8 g5 19. Be3 g6 20. Rf1 Bf6
21. Rxf6 1-0

[Event "ASD Arci Scacchi II-Wipptal Schach"]
[Site "?"]
[Date "2013.02.16"]
[Round "9.5"]
[White "Saxl, Alexander"]
[Black "Zanatta, Daniel"]
[Result "0-1"]
[WhiteElo "1381"]
[BlackElo "1328"]
[PlyCount "94"]
[EventDate "2013.??.??"]

1. e4 e6 2. Nf3 c5 3. Be2 Nc6 4. O-O d6 5. d4 cxd4 6. Nxd4 Nf6 7. Nc3 Be7 8.
Bg5 e5 9. Nb3 O-O 10. Bxf6 Bxf6 11. Bg4 a6 12. Bxc8 Rxc8 13. Nd5 Bg5 14. c3 Ne7
15. Nxe7+ Qxe7 16. Qd3 Qc7 17. Rad1 Rfd8 18. Qd5 Qc6 19. Qxc6 Rxc6 20. Rd3 b6
21. Nd2 Bxd2 22. Rxd2 Kf8 23. Rfd1 Ke7 24. Rd3 b5 25. f3 a5 26. a3 Rd7 27. R3d2
Ke6 28. Kf2 Rc5 29. Rd5 g6 30. Ke3 f5 31. Rxc5 dxc5 32. exf5+ gxf5 33. Rxd7
Kxd7 34. g3 Ke6 35. b4 axb4 36. axb4 cxb4 37. cxb4 Kd5 38. Kd3 e4+ 39. fxe4+
fxe4+ 40. Kc3 Ke5 41. h3 h6 42. h4 h5 43. g4 hxg4 44. h5 g3 45. h6 Kf6 46. h7
Kg7 47. Kd2 g2 0-1

[Event "Brixen/Milland-SK Naturns Jambo"]
[Site "?"]
[Date "2013.02.16"]
[Round "9.1"]
[White "Mukic, Josko"]
[Black "Sader, Michael"]
[Result "1-0"]
[WhiteElo "2268"]
[BlackElo "2169"]
[PlyCount "95"]
[EventDate "2013.??.??"]

1. d4 Nf6 2. Nc3 c5 3. d5 d6 4. e4 g6 5. f4 Bg7 6. Bb5+ Nfd7 7. a4 a6 8. Bc4
O-O 9. Nf3 b5 10. axb5 Nb6 11. Be2 axb5 12. Rxa8 Nxa8 13. Nxb5 Qb6 14. O-O Ba6
15. Na3 Bxb2 16. Bxa6 Bxc1 17. Qxc1 Qxa6 18. f5 Nd7 19. Nb1 Nf6 20. fxg6 fxg6
21. Ng5 Nc7 22. c4 Qa1 23. Nd2 Qd4+ 24. Kh1 Qe3 25. Ngf3 Nxe4 26. Nxe4 Qxe4 27.
Re1 Qf4 28. Qxf4 Rxf4 29. Rxe7 Rf7 30. Re4 h6 31. Kg1 g5 32. h4 gxh4 33. Rxh4
Kg7 34. Rg4+ Kf8 35. Rg6 Ne8 36. Rxh6 Rf4 37. Rh4 Rxh4 38. Nxh4 Ke7 39. Kf2 Kf6
40. g4 Kg5 41. Kg3 Nf6 42. Nf3+ Kg6 43. Kf4 Ne8 44. Nd2 Kf6 45. Ne4+ Ke7 46.
Kg5 Nc7 47. Kh6 Na8 48. g5 1-0

[Event "Brixen/Milland-SK Naturns Jambo"]
[Site "?"]
[Date "2013.02.16"]
[Round "9.2"]
[White "Brenninger, Daniel"]
[Black "La Manna, Andrea"]
[Result "1-0"]
[WhiteElo "2056"]
[BlackElo "2193"]
[PlyCount "79"]
[EventDate "2013.??.??"]

1. d4 c5 2. d5 Nf6 3. c4 b5 4. cxb5 a6 5. bxa6 Bxa6 6. Nc3 g6 7. e4 Bxf1 8.
Kxf1 d6 9. f4 Nbd7 10. Nf3 Bg7 11. g3 O-O 12. Kg2 Nb6 13. Re1 e6 14. dxe6 fxe6
15. Ng5 Qe7 16. Qb3 Rfb8 17. Qxe6+ Qxe6 18. Nxe6 Bh8 19. Nc7 Ra5 20. N7b5 d5
21. e5 d4 22. exf6 dxc3 23. Nxc3 Bxf6 24. Re4 Bxc3 25. bxc3 Nd5 26. c4 Nc3 27.
Re3 Rxa2+ 28. Rxa2 Nxa2 29. Ba3 Ra8 30. Bxc5 Ra4 31. Re4 Nc3 32. Re8+ Kg7 33.
Re7+ Kg8 34. Bd4 Rxc4 35. Rg7+ Kf8 36. Bxc3 Rxc3 37. Rxh7 Rc2+ 38. Kh3 Rf2 39.
Kg4 Kg8 40. Rh6 1-0

[Event "Brixen/Milland-SK Naturns Jambo"]
[Site "?"]
[Date "2013.02.16"]
[Round "9.3"]
[White "Nicolodi, Raoul"]
[Black "Kofler, Thomas"]
[Result "0-1"]
[WhiteElo "1983"]
[BlackElo "1960"]
[PlyCount "98"]
[EventDate "2013.??.??"]

1. Nf3 d6 2. c4 Nf6 3. Nc3 e5 4. g3 Nbd7 5. Bg2 c6 6. O-O Be7 7. b4 Nf8 8. b5
Bd7 9. d3 Ng6 10. Rb1 Qc8 11. Re1 c5 12. Bg5 h6 13. Bxf6 Bxf6 14. Nd2 Bd8 15.
Nd5 Ne7 16. Ne4 Bc7 17. Nxe7 Kxe7 18. Nc3 Bd8 19. Nd5+ Kf8 20. Qd2 g6 21. b6
Bc6 22. bxa7 Rxa7 23. Nb6 Qc7 24. Qb2 Bxg2 25. Kxg2 Qxb6 26. Qxb6 Bxb6 27. Rxb6
Ke7 28. Reb1 Rb8 29. g4 Kd7 30. Kf3 Kc7 31. R6b2 b6 32. Ke4 Kc6 33. f4 Ra4 34.
f5 d5+ 35. Kxe5 dxc4 36. dxc4 Rxc4 37. e4 Rb7 38. h3 g5 39. Rb3 Rd4 40. f6 Rb8
41. Kf5 b5 42. h4 c4 43. Rh3 b4 44. hxg5 hxg5 45. Kxg5 Rxe4 46. Rh7 Rb7 47. Kf5
Rd4 48. Ke5 Rxg4 49. Kf5 Rd4 0-1

[Event "Brixen/Milland-SK Naturns Jambo"]
[Site "?"]
[Date "2013.02.16"]
[Round "9.4"]
[White "Kofler, Oswald"]
[Black "Unterthurner, Hans"]
[Result "0-1"]
[WhiteElo "1858"]
[BlackElo "2029"]
[PlyCount "158"]
[EventDate "2013.??.??"]

1. d4 Nf6 2. c4 g6 3. Nc3 d5 4. Bg5 Ne4 5. Nxe4 dxe4 6. e3 Bg7 7. Ne2 c5 8. Qc2
Nc6 9. dxc5 Qa5+ 10. Nc3 Qxc5 11. Bh4 O-O 12. a3 Qa5 13. Rc1 Bf5 14. Be2 Rac8
15. O-O Rfe8 16. Rfd1 Bxc3 17. Qxc3 Qxc3 18. Rxc3 Ne5 19. Rd4 Nd3 20. b3 e5 21.
Rd5 Rc5 22. Bg3 Rc6 23. Bh4 f6 24. g4 Bc8 25. h3 Nc5 26. b4 Na4 27. Rc2 g5 28.
Bg3 Nb6 29. Rdd2 Be6 30. c5 Rec8 31. Bb5 R6c7 32. Rd6 Kf7 33. Rc1 Nd7 34. Rcd1
Nb8 35. f4 exf3 36. Bd3 Bb3 37. Rd2 Ba4 38. Bf5 Re8 39. e4 a5 40. Be1 axb4 41.
axb4 Nc6 42. Bd7 Re7 43. Kf2 Bb5 44. Bxc6 bxc6 45. Kxf3 Ra7 46. Rf2 Red7 47.
Rxd7+ Rxd7 48. Ra2 Rd3+ 49. Kg2 Re3 50. Ra7+ Ke6 51. Bf2 Rxe4 52. Rxh7 Rxb4 53.
Rh8 Bd3 54. Re8+ Kf7 55. Rh8 Be4+ 56. Kh2 Rb1 57. Rd8 Bd5 58. Rd7+ Ke6 59. Ra7
Rb2 60. Kg3 Rb3+ 61. Kh2 Rf3 62. Bg1 e4 63. Ra8 Rc3 64. Re8+ Kf7 65. Ra8 e3 66.
h4 gxh4 67. Ra1 e2 68. Re1 Bc4 69. Bf2 h3 70. Bg3 Bb5 71. Kxh3 Rxc5 72. Kg2 Rd5
73. Kf3 Rd1 74. Ke3 Ke6 75. Kf2 Kd5 76. Bc7 Ke4 77. Ba5 Kf4 78. Bc3 Kg5 79. Kg3
Rd3+ 0-1

[Event "Brixen/Milland-SK Naturns Jambo"]
[Site "?"]
[Date "2013.02.16"]
[Round "9.5"]
[White "Gurschler, Gregor"]
[Black "Wisthaler, Lukas"]
[Result "1/2-1/2"]
[WhiteElo "1743"]
[BlackElo "1822"]
[PlyCount "52"]
[EventDate "2013.??.??"]

1. Nf3 c5 2. e4 e6 3. g3 d5 4. d3 dxe4 5. dxe4 Qxd1+ 6. Kxd1 Nc6 7. c3 Nf6 8.
Bd3 e5 9. h3 h6 10. Na3 Be6 11. Nd2 O-O-O 12. Ke2 a6 13. Bc4 Bxc4+ 14. Naxc4 b5
15. Ne3 g6 16. Ng4 Be7 17. Nxf6 Bxf6 18. Nf3 c4 19. Be3 Bg7 20. Rhd1 Rxd1 21.
Rxd1 Rd8 22. Rxd8+ Kxd8 23. Ne1 Kd7 24. Nc2 Ke6 25. Bc5 Bf6 26. Ne3 Be7 1/2-1/2

[Event "Brixen/Milland-SK Naturns Jambo"]
[Site "?"]
[Date "2013.02.16"]
[Round "9.6"]
[White "Hellweg, Stephan"]
[Black "Naegele, Norbert"]
[Result "0-1"]
[WhiteElo "1668"]
[BlackElo "1786"]
[PlyCount "102"]
[EventDate "2013.??.??"]

1. e4 c5 2. Nf3 e6 3. d4 cxd4 4. Nxd4 a6 5. Bd3 Nf6 6. O-O Qc7 7. Nc3 d6 8. Be3
g6 9. f3 Bg7 10. Qd2 Nc6 11. Nxc6 Qxc6 12. Bh6 O-O 13. Bxg7 Kxg7 14. Kh1 b5 15.
a3 Bb7 16. Qg5 h6 17. Qh4 e5 18. Rad1 Rad8 19. Rd2 d5 20. exd5 Nxd5 21. Be4 Qc4
22. Qe1 Nxc3 23. Rxd8 Rxd8 24. Bxb7 Ne2 25. Be4 Nf4 26. g3 Ne6 27. Bd3 Qd4 28.
b3 Nc5 29. Be2 Qb2 30. b4 Ne6 31. Bd3 f5 32. Qe3 Qd4 33. Re1 Qxe3 34. Rxe3 Kf6
35. Kg2 Nd4 36. Kf2 Rc8 37. Re1 Rc3 38. a4 bxa4 39. Ra1 a3 40. Ke3 Rxc2 41.
Rxa3 Rc6 42. Ra5 Rb6 43. f4 Nb5 44. Be2 e4 45. g4 Nc7 46. Rc5 Ne6 47. Ra5 Rxb4
48. Rxa6 Rb3+ 49. Kf2 Rc3 50. h4 Ke7 51. h5 gxh5 0-1

[Event "J. Richter/LASK BZ-SK Klausen"]
[Site "?"]
[Date "2013.02.16"]
[Round "9.1"]
[White "Schacher, Gerd"]
[Black "Moncher, Stefano"]
[Result "1/2-1/2"]
[WhiteElo "2300"]
[BlackElo "2182"]
[PlyCount "71"]
[EventDate "2013.??.??"]

1. c4 f5 2. g3 Nf6 3. Bg2 g6 4. Nc3 Bg7 5. Rb1 a5 6. a3 O-O 7. Nf3 d6 8. b4
axb4 9. axb4 f4 10. d3 Nh5 11. Qb3 Nc6 12. Nd5 Bg4 13. Nxf4 Nxf4 14. Bxf4 Bxf3
15. Bxf3 Nd4 16. Qd1 Nxf3+ 17. exf3 Qd7 18. h4 Rf5 19. Be3 Raf8 20. f4 e5 21.
fxe5 Bxe5 22. f4 Bc3+ 23. Kf2 Re5 24. Qf3 c5 25. bxc5 dxc5 26. Kg2 Qxd3 27. Bf2
Qxf3+ 28. Kxf3 Bb4 29. Rhd1 Re6 30. Rd5 b6 31. Ra1 Rfe8 32. Ra7 R8e7 33. Rxe7
Rxe7 34. Rd8+ Kf7 35. Rb8 Ba5 36. Ra8 1/2-1/2

[Event "J. Richter/LASK BZ-SK Klausen"]
[Site "?"]
[Date "2013.02.16"]
[Round "9.2"]
[White "Billio, Atto"]
[Black "Schrott, Karl"]
[Result "1-0"]
[WhiteElo "1994"]
[BlackElo "1989"]
[PlyCount "63"]
[EventDate "2013.??.??"]

1. c4 c5 2. Nc3 Nc6 3. Nf3 g6 4. d4 cxd4 5. Nxd4 Bg7 6. Nc2 Nf6 7. g3 b6 8. Bg2
Bb7 9. O-O O-O 10. b3 d6 11. Bb2 Qd7 12. Qd2 Rad8 13. Rad1 Rfe8 14. Qc1 Qc8 15.
Qa1 Ne5 16. e4 h5 17. h3 Kh7 18. Ne3 a6 19. Ncd5 Nxd5 20. cxd5 Rg8 21. Rd2 Nd7
22. Bxg7 Rxg7 23. Rc1 Qb8 24. Rdc2 Rc8 25. Rxc8 Bxc8 26. Qc3 Rg8 27. Qc7 Qxc7
28. Rxc7 Kg7 29. h4 Kf6 30. Bh3 e6 31. Nc4 Nc5 32. Nxd6 1-0

[Event "J. Richter/LASK BZ-SK Klausen"]
[Site "?"]
[Date "2013.02.16"]
[Round "9.3"]
[White "Seebacher, Reinhard"]
[Black "De Vita, Gianni"]
[Result "1/2-1/2"]
[WhiteElo "1880"]
[BlackElo "1973"]
[PlyCount "49"]
[EventDate "2013.??.??"]

1. e4 e5 2. Nf3 Nc6 3. Bb5 a6 4. Ba4 Nf6 5. O-O Be7 6. Bxc6 dxc6 7. Nxe5 Qd4 8.
Nf3 Qxe4 9. Re1 Qg4 10. h3 Qh5 11. Re5 Qg6 12. d4 h6 13. c4 Be6 14. Nc3 Nd7 15.
Re4 Bxc4 16. Qe1 Be6 17. d5 cxd5 18. Nxd5 Bd6 19. Nd4 O-O 20. Nxe6 fxe6 21.
Rxe6 Qf7 22. Ne7+ Bxe7 23. Rxe7 Rfe8 24. Rxe8+ Rxe8 25. Be3 1/2-1/2

[Event "J. Richter/LASK BZ-SK Klausen"]
[Site "?"]
[Date "2013.02.16"]
[Round "9.4"]
[White "Kowalczyk, Martin"]
[Black "Schrott, Johann"]
[Result "1/2-1/2"]
[WhiteElo "1887"]
[BlackElo "1787"]
[PlyCount "77"]
[EventDate "2013.??.??"]

1. e4 c5 2. Nf3 Nc6 3. Bb5 a6 4. Bxc6 bxc6 5. O-O Nf6 6. Re1 e6 7. c4 d5 8. Qa4
Bd7 9. e5 Ng8 10. d3 Be7 11. cxd5 cxd5 12. Qg4 g6 13. h4 h5 14. Qg3 Nh6 15.
Bxh6 Rxh6 16. Qf4 Rh8 17. Nbd2 Rb8 18. a3 Rxb2 19. Rab1 Rxb1 20. Rxb1 Bb5 21.
d4 c4 22. a4 Bc6 23. g3 Qc7 24. Ng5 Bxg5 25. Qxg5 Bxa4 26. Nf3 Bb5 27. Qf6 Rg8
28. Ng5 Qe7 29. Qf4 Rh8 30. Rc1 Kf8 31. Rc3 Kg7 32. Rf3 Rf8 33. g4 f6 34. exf6+
Rxf6 35. Qe5 hxg4 36. Rxf6 Qxf6 37. Qc7+ Kg8 38. Qc8+ Kg7 39. Qc7+ 1/2-1/2

[Event "J. Richter/LASK BZ-SK Klausen"]
[Site "?"]
[Date "2013.02.16"]
[Round "9.5"]
[White "Schrott, Ernst"]
[Black "Di Lazzaro, Gabriele"]
[Result "1/2-1/2"]
[WhiteElo "1814"]
[BlackElo "1814"]
[PlyCount "75"]
[EventDate "2013.??.??"]

1. e4 d5 2. exd5 Nf6 3. Nf3 Nxd5 4. d4 Nc6 5. c4 Nb6 6. d5 Nb8 7. Nc3 e6 8. Be2
exd5 9. cxd5 Bb4 10. O-O O-O 11. Bg5 f6 12. Bh4 Bxc3 13. bxc3 Qxd5 14. Qc2 Bf5
15. Qb2 Nc6 16. Rfd1 Qc5 17. Bg3 Rac8 18. Rac1 Rfe8 19. Nd4 Be4 20. Nb5 Re7 21.
Bf1 Bd5 22. Re1 a6 23. Nd4 Rxe1 24. Rxe1 Bc4 25. Ne6 Qe7 26. Bxc4 Nxc4 27. Qxb7
Qe8 28. Bxc7 N4e5 29. Qb3 Kh8 30. Bxe5 Nxe5 31. f4 Nd3 32. Rf1 Qc6 33. Nd4 Qxc3
34. Qxc3 Rxc3 35. g3 g6 36. Rb1 Rc1+ 37. Rxc1 Nxc1 38. a3 1/2-1/2

[Event "J. Richter/Lask BZ II-ASD Arci Scacchi"]
[Site "?"]
[Date "2013.02.16"]
[Round "9.1"]
[White "Preziuso, Toni"]
[Black "Rigo, Gianfranco"]
[Result "1-0"]
[WhiteElo "2108"]
[BlackElo "1898"]
[PlyCount "59"]
[EventDate "2013.??.??"]

1. d4 Nf6 2. Nf3 e6 3. Nbd2 b6 4. e4 Bb7 5. Bd3 Be7 6. O-O d6 7. Qe2 O-O 8. Rd1
c5 9. e5 dxe5 10. dxe5 Nfd7 11. Ne4 Qc7 12. Bf4 Nc6 13. Neg5 g6 14. h4 Nb4 15.
Bb5 Rad8 16. a3 Nd5 17. Bg3 a6 18. Bxa6 Bxa6 19. Qxa6 c4 20. Rd4 c3 21. b3 Bc5
22. Rdd1 Ra8 23. Qe2 Rxa3 24. Rxa3 Bxa3 25. Rxd5 exd5 26. e6 Qc8 27. exf7+ Rxf7
28. Nxf7 Kxf7 29. Ng5+ Kf8 30. Qe6 1-0

[Event "J. Richter/Lask BZ II-ASD Arci Scacchi"]
[Site "?"]
[Date "2013.02.16"]
[Round "9.2"]
[White "Mumelter, Igor"]
[Black "Pichler, Klaus"]
[Result "0-1"]
[WhiteElo "1821"]
[BlackElo "1711"]
[PlyCount "60"]
[EventDate "2013.??.??"]

1. e4 d5 2. exd5 Qxd5 3. Nc3 Qd6 4. Nf3 Nf6 5. d4 a6 6. h3 e6 7. Be3 b5 8. Be2
Bb7 9. O-O Nbd7 10. Qd2 Be7 11. Bf4 Qb6 12. Ne5 Rd8 13. a4 b4 14. a5 bxc3 15.
axb6 cxd2 16. bxc7 Rc8 17. Bxa6 Bxa6 18. Rxa6 Nd5 19. Bxd2 Nxe5 20. dxe5 Nxc7
21. Ra5 Nd5 22. c4 Rxc4 23. Ra8+ Bd8 24. Bg5 Kd7 25. Rfa1 Re8 26. Bd2 Bc7 27.
R8a7 Rb8 28. Rc1 Rxc1+ 29. Bxc1 Rb4 30. g3 Rc4 0-1

[Event "J. Richter/Lask BZ II-ASD Arci Scacchi"]
[Site "?"]
[Date "2013.02.16"]
[Round "9.3"]
[White "D'Ambrosio, Luca"]
[Black "Muscolino, Attilio"]
[Result "0-1"]
[WhiteElo "1748"]
[BlackElo "1735"]
[PlyCount "98"]
[EventDate "2013.??.??"]

1. d4 Nf6 2. Nf3 g6 3. Bg5 Bg7 4. e3 d6 5. Nbd2 O-O 6. Bd3 Nbd7 7. O-O Qe8 8.
e4 e5 9. d5 h6 10. Bh4 Nh5 11. c4 a5 12. a3 Nc5 13. Bc2 a4 14. Ne1 f5 15. f3 f4
16. Nd3 Nxd3 17. Bxd3 Bd7 18. Nb1 Kh7 19. Nc3 Bf6 20. Bf2 b6 21. Nb5 Bd8 22.
Ra2 Rg8 23. b3 axb3 24. Qxb3 g5 25. h3 Nf6 26. Rfa1 Qh5 27. Kf1 Rg7 28. Ke2 g4
29. hxg4 Nxg4 30. fxg4 Qxg4+ 31. Kd2 Qxg2 32. Kc3 Qh3 33. Qd1 f3 34. Qh1 Bg4
35. Qxh3 Bxh3 36. Rh1 Bg2 37. Rh2 Bg5 38. Kb4 Rf8 39. Kc3 Rff7 40. a4 Bf4 41.
Rh5 Rg5 42. Rh4 h5 43. a5 bxa5 44. Rxa5 Bg3 45. Bxg3 Rxg3 46. Rxh5+ Kg6 47. Rf5
f2 48. Ra1 Bxe4 49. Rxf7 Kxf7 0-1

[Event "J. Richter/Lask BZ II-ASD Arci Scacchi"]
[Site "?"]
[Date "2013.02.16"]
[Round "9.4"]
[White "Gruber, Martin"]
[Black "Pollana, Marco"]
[Result "0-1"]
[WhiteElo "1609"]
[BlackElo "1766"]
[PlyCount "112"]
[EventDate "2013.??.??"]

1. e4 Nc6 2. Nf3 g6 3. d4 Bg7 4. e5 d6 5. exd6 cxd6 6. Be2 Nf6 7. O-O O-O 8. c3
Qb6 9. Qb3 Qc7 10. h3 e5 11. dxe5 dxe5 12. Be3 Be6 13. Qc2 Nd5 14. Bg5 h6 15.
Bh4 f5 16. Bg3 f4 17. Bh2 g5 18. Nbd2 Rad8 19. Rad1 Nf6 20. a3 Qc8 21. Bc4 e4
22. Bxe6+ Qxe6 23. Ne1 e3 24. fxe3 fxe3 25. Rxf6 Qxf6 26. Ndf3 Rxd1 27. Qxd1
Kh8 28. Qe2 Qe7 29. Nc2 Re8 30. Kf1 h5 31. g4 hxg4 32. hxg4 Qe4 33. Bg1 Rf8 34.
Nce1 Ne5 35. Qxe3 Qxe3 36. Bxe3 Nxf3 37. Nxf3 Rxf3+ 38. Ke2 Rg3 39. Bxa7 Rxg4
40. Be3 Bf6 41. Kf3 Rh4 42. Kg3 Kh7 43. b3 Kg6 44. c4 Kf5 45. c5 Rh1 46. b4 Ra1
47. Kf3 g4+ 48. Ke2 Ra2+ 49. Kd3 Rxa3+ 50. Ke2 Ke4 51. Bd2 g3 52. b5 Bd4 53. c6
bxc6 54. bxc6 Bb6 55. Be1 Ra2+ 56. Kd1 g2 0-1

[Event "J. Richter/Lask BZ II-ASD Arci Scacchi"]
[Site "?"]
[Date "2013.02.16"]
[Round "9.5"]
[White "Rinaldo, Gaetano"]
[Black "Hermeter, Walter"]
[Result "1-0"]
[WhiteElo "1607"]
[BlackElo "1660"]
[PlyCount "63"]
[EventDate "2013.??.??"]

1. Nf3 d5 2. d4 Nf6 3. Bg5 e6 4. Nbd2 c5 5. e3 Be7 6. c3 O-O 7. Bd3 Nbd7 8. O-O
b6 9. Ne5 Nxe5 10. dxe5 Nd7 11. Bxe7 Qxe7 12. f4 f5 13. g4 c4 14. Bc2 Nc5 15.
g5 Bb7 16. Nf3 Ne4 17. Bxe4 dxe4 18. Nd4 a6 19. Qe2 Bd5 20. Rad1 Rfc8 21. Nxf5
Qc5 22. Nd4 Rf8 23. Qg4 Rae8 24. Rd2 g6 25. h4 Rf7 26. Rh2 Ree7 27. h5 Rg7 28.
hxg6 hxg6 29. Rh6 b5 30. Qh3 Qc7 31. Rh8+ Kf7 32. f5 1-0

[Event "J. Richter/Lask BZ II-ASD Arci Scacchi"]
[Site "?"]
[Date "2013.02.16"]
[Round "9.6"]
[White "Bonseri, Sergio"]
[Black "Scarabello, Graziano"]
[Result "1-0"]
[WhiteElo "1710"]
[BlackElo "1320"]
[PlyCount "71"]
[EventDate "2013.??.??"]

1. e4 c5 2. Nf3 Nc6 3. d4 cxd4 4. Nxd4 e6 5. Be2 Bc5 6. Nb3 b6 7. Nxc5 bxc5 8.
O-O d6 9. Nc3 a6 10. Bf4 e5 11. Be3 Nge7 12. Qd2 O-O 13. Rad1 Nd4 14. Bc4 Kh8
15. Nd5 Ng6 16. c3 Ne6 17. g3 Bb7 18. f4 exf4 19. gxf4 f5 20. Qc2 fxe4 21. Qxe4
Nc7 22. Qd3 Ne8 23. Bb3 Nf6 24. Nxf6 Rxf6 25. Bd5 Bxd5 26. Qxd5 Nh4 27. f5 Qc8
28. Bg5 Rxf5 29. Rxf5 Nxf5 30. Rf1 Nh6 31. Bxh6 gxh6 32. Qxd6 Qg4+ 33. Qg3 Qe2
34. Re1 Qxb2 35. Qe5+ Kg8 36. Qd5+ 1-0

[Event "SC Lana-CSK Merania"]
[Site "?"]
[Date "2013.02.16"]
[Round "9.1"]
[White "Bonagura, Stefano"]
[Black "Hoelzl, Matthias"]
[Result "1-0"]
[WhiteElo "2174"]
[BlackElo "1709"]
[PlyCount "57"]
[EventDate "2013.??.??"]

1. c4 e5 2. g3 Nc6 3. Bg2 Nf6 4. Nc3 Bc5 5. e3 O-O 6. Nge2 Re8 7. d3 Ne7 8. a3
c6 9. b4 Bb6 10. c5 Bc7 11. O-O d5 12. cxd6 Qxd6 13. Qc2 h5 14. e4 Ng6 15. Bg5
Nh7 16. Be3 h4 17. d4 Qf6 18. f4 exf4 19. e5 Qd8 20. gxf4 Ne7 21. Be4 g6 22.
Bf2 Nf5 23. Kh1 Bb6 24. Rad1 Bd7 25. Na4 Be6 26. Nc5 Bxc5 27. dxc5 Qe7 28. Rg1
Nf8 29. Bxf5 1-0

[Event "SC Lana-CSK Merania"]
[Site "?"]
[Date "2013.02.16"]
[Round "9.2"]
[White "Pichler, Norbert"]
[Black "Teutsch, Alexander"]
[Result "0-1"]
[WhiteElo "1617"]
[BlackElo "1906"]
[PlyCount "100"]
[EventDate "2013.??.??"]

1. Nf3 g6 2. d4 Nf6 3. c4 c5 4. d5 d6 5. Nc3 Bg7 6. e4 O-O 7. Be2 e6 8. O-O
exd5 9. exd5 Na6 10. Bf4 Nh5 11. Bg5 f6 12. Be3 f5 13. Rb1 f4 14. Bd2 Bf5 15.
Rc1 Nb4 16. Ne1 Qh4 17. a3 Na6 18. Bxh5 gxh5 19. Nf3 Qg4 20. h3 Qg6 21. Nh4 Qg5
22. Nxf5 Qxf5 23. b3 Rae8 24. Nb5 Rf6 25. Qf3 Nb8 26. Rfe1 Rd8 27. Re4 Rdf8 28.
Re7 a6 29. Nc7 Nd7 30. Ne8 Ne5 31. Nxf6+ Bxf6 32. Rxe5 Bxe5 33. Re1 Qc2 34. Bc1
Qg6 35. Qe4 f3 36. Qxg6+ hxg6 37. gxf3 Rxf3 38. Re3 Rf7 39. Kg2 b5 40. Rf3 bxc4
41. Rxf7 Kxf7 42. bxc4 Kf6 43. Kf3 Kf5 44. Bd2 g5 45. Ba5 g4+ 46. hxg4+ hxg4+
47. Ke3 Bd4+ 48. Ke2 Ke4 49. Be1 Bb2 50. a4 Kd4 0-1